[Event "Sao Paulo Hebraica op 27th"]
[Site "Sao Paulo"]
[Date "2020.01.10"]
[Round "2"]
[White "Carneiro, Cristiana Fiusa"]
[Black "Casante, Tatiana de Mendonca"]
[Result "0-1"]
[WhiteElo "1875"]
[BlackElo "1553"]
[PlyCount "61"]
[EventDate "2020.01.10"]
[EventType "swiss"]
[EventRounds "6"]
[EventCountry "BRA"]
[SourceTitle "CBM 194 Extra"]
[Source "ChessBase"]
[SourceDate "2020.03.31"]
[SourceVersion "1"]
[SourceVersionDate "2020.03.31"]
[SourceQuality "1"]

1. c4 Nf6 2. Nc3 e6 3. g3 d5 4. cxd5 Nxd5 5. Bg2 Be7 6. Nf3 0-0 7. 0-0 Nc6 8. d3 b6 9. Bd2 Bb7 10. Rc1 Qd7 11. a3 Rfd8 12. b4 Rac8 13. Qb3 Nf6 14. Qc4 Ba8 15. Bf4 Bd6 16. Bg5 Be7 17. Bf4 h6 18. Rc2 Bd6 19. Rfc1 Ne7 20. Ne5 Bxe5 21. Bxe5 Nfd5 22. Ne4 Ng6 23. Bb2 Nde7 24. Qc3 e5 25. Qd2 Bxe4 26. Bxe4 c6 27. Bg2 Nd5 28. Rc4 Qe6 29. Qc2 Rd6 30. Qa4 b5 31. Rc5 0-1

[Event "Sao Paulo op-C U1700 8th"]
[Site "Sao Paulo"]
[Date "2019.10.19"]
[Round "4"]
[White "Munhoz, Joao Pedro"]
[Black "Casante, Tatiana de Mendonca"]
[Result "0-1"]
[WhiteElo "1616"]
[BlackElo "1544"]
[PlyCount "102"]
[EventDate "2019.10.17"]
[EventType "swiss"]
[EventRounds "6"]
[EventCountry "BRA"]
[SourceTitle "CBM 192 Extra"]
[Source "Chessbase"]
[SourceDate "2019.11.06"]
[SourceVersion "1"]
[SourceVersionDate "2019.11.06"]
[SourceQuality "1"]

1. e4 e5 2. Nf3 Nc6 3. Bb5 a6 4. Ba4 Nf6 5. d3 b5 6. Bb3 h6 7. c3 Bc5 8. 0-0 0-0 9. Be3 Ba7 10. Nbd2 d6 11. Bxa7 Rxa7 12. Re1 Bg4 13. Nf1 Bh5 14. Ng3 Bg6 15. Nh4 Bh7 16. Nhf5 Ne7 17. Qf3 Ng6 18. a4 c6 19. axb5 cxb5 20. d4 Qb6 21. Nxh6+ gxh6 22. Qxf6 Qd8 23. dxe5 dxe5 24. Rxa6 Qxf6 25. Rxf6 Kg7 26. Rd6 Nf4 27. Nf1 Rfa8 28. g3 Nh3+ 29. Kg2 Ng5 30. Bd5 Ra1 31. Rxa1 Rxa1 32. h4 Nxe4 33. Bxe4 Bxe4+ 34. f3 Bxf3+ 35. Kxf3 Rxf1+ 36. Ke3 Rb1 37. b4 Rg1 38. Kf2 Rc1 39. Rc6 f6 40. h5 f5 41. Rc5 Kf6 42. Ke2 e4 43. Kd2 Rg1 44. Rxb5 Rxg3 45. c4 e3+ 46. Ke2 f4 47. Rb6+ Ke5 48. Rg6 Rh3 49. b5 Rh2+ 50. Kf3 Rf2+ 51. Kg4 e2 0-1

[Event "Paulista-ch"]
[Site "Sao Paulo"]
[Date "2018.11.11"]
[Round "6"]
[White "Barberi, Catarina"]
[Black "Casante, Tatiana de Mendonca"]
[Result "0-1"]
[WhiteElo "1234"]
[BlackElo "1574"]
[PlyCount "120"]
[EventDate "2018.11.09"]
[EventType "swiss"]
[EventRounds "6"]
[EventCountry "BRA"]
[SourceTitle "CBM 187 Extra"]
[Source "ChessBase"]
[SourceDate "2018.11.04"]
[SourceVersion "1"]
[SourceVersionDate "2018.11.04"]
[SourceQuality "1"]

1. d4 d5 2. c4 e6 3. Nc3 Nf6 4. e3 c5 5. cxd5 Nxd5 6. Nxd5 Qxd5 7. Nf3 Nc6 8. Be2 cxd4 9. exd4 Be7 10. Be3 0-0 11. 0-0 b6 12. a3 Bb7 13. Re1 Rfd8 14. Qd2 Bf6 15. Rad1 Rd7 16. Qc3 Rc8 17. Bc4 Qd6 18. Rd2 Na5 19. Ne5 Bxe5 20. dxe5 Qe7 21. Rxd7 Qxd7 22. b3 Qc6 23. f3 Nxc4 24. bxc4 Qxc4 25. Qd2 Qd5 26. Qb2 Qd3 27. Bf2 Rc2 28. Qd4 Qxd4 29. Bxd4 Kf8 30. Rd1 Bd5 31. h3 Ke7 32. Kh2 Bxf3 33. Rg1 Bd5 34. Kg3 Ra2 35. Bc3 Rxa3 36. Rc1 Ra2 37. Rg1 Rc2 38. Bb4+ Kd7 39. Bd6 a5 40. Ba3 b5 41. Rd1 Rxg2+ 42. Kf4 g5+ 43. Ke3 Rg3+ 44. Kd2 Rxa3 45. Kc2 b4 46. Kb2 Rxh3 47. Ra1 Rh2+ 48. Kb1 Rh1+ 49. Kb2 Rxa1 50. Kxa1 g4 51. Kb2 g3 52. Kc2 g2 53. Kd3 g1Q 54. Ke2 Qg3 55. Kd2 h5 56. Ke2 Qh4 57. Kd1 Qf2 58. Kc1 b3 59. Kd1 Bf3+ 60. Kc1 Qc2# 0-1

[Event "BRA-ch Amateur U1800"]
[Site "Sao Paulo"]
[Date "2018.06.03"]
[Round "7"]
[White "Casante, Tatiana de Mendonca"]
[Black "Bocca, Edson Ricardo"]
[Result "1/2-1/2"]
[WhiteElo "1594"]
[BlackElo "1637"]
[PlyCount "139"]
[EventDate "2018.05.31"]
[EventType "swiss"]
[EventRounds "7"]
[EventCountry "BRA"]
[SourceTitle "EXT 2021"]
[Source "ChessBase"]
[SourceDate "2020.10.23"]
[SourceVersion "1"]
[SourceVersionDate "2020.10.23"]
[SourceQuality "1"]

1. e4 Nc6 2. Nf3 e5 3. Bc4 h6 4. c3 d6 5. Bb3 Bg4 6. d3 Bxf3 7. Qxf3 Qf6 8. Nd2 Qxf3 9. Nxf3 f6 10. Be3 Nge7 11. h3 0-0-0 12. 0-0 a6 13. Rad1 Kb8 14. Rd2 g5 15. Nh2 h5 16. g3 Ng8 17. f4 gxf4 18. gxf4 Bh6 19. Rg2 exf4 20. Bxf4 Bxf4 21. Rxf4 Rf8 22. Kf2 Ne5 23. Ke3 Ne7 24. Rg7 Kc8 25. Rf2 Kd8 26. d4 N5c6 27. Rf7 Rxf7 28. Bxf7 Rh6 29. Nf1 Nc8 30. Ng3 N8e7 31. Nxh5 Ng8 32. Nf4 Nce7 33. Rg2 Rh8 34. Bxg8 Nxg8 35. Rg3 Kd7 36. Rf3 c6 37. Ng6 Rh6 38. Rg3 Ke6 39. Nf4+ Kf7 40. d5 Ne7 41. c4 cxd5 42. cxd5 f5 43. Rg2 Kf6 44. Rc2 fxe4 45. Kxe4 Rh4 46. Kf3 Nf5 47. Rc7 Kg5 48. Ne6+ Kf6 49. Rxb7 Rxh3+ 50. Ke2 Ke5 51. Nc7 Nd4+ 52. Kf2 Rh2+ 53. Kg3 Rh7 54. a4 Nf5+ 55. Kf2 Ke4 56. Rb4+ Ke5 57. Nxa6 Kxd5 58. Rg4 Rh2+ 59. Rg2 Rxg2+ 60. Kxg2 Kc4 61. b4 d5 62. Kf2 Nd6 63. Ke2 d4 64. a5 d3+ 65. Kd1 Kd4 66. Nc5 Kc4 67. a6 Nb5 68. Kd2 Kxb4 69. Nxd3+ Ka5 70. Nc5 1/2-1/2

[Event "BRA-ch Amateur U1800"]
[Site "Sao Paulo"]
[Date "2018.05.31"]
[Round "6"]
[White "Abilhoa, Gustavo Auer"]
[Black "Casante, Tatiana de Mendonca"]
[Result "1-0"]
[WhiteElo "1672"]
[BlackElo "1594"]
[PlyCount "125"]
[EventDate "2018.05.31"]
[EventType "swiss"]
[EventRounds "7"]
[EventCountry "BRA"]
[SourceTitle "EXT 2021"]
[Source "ChessBase"]
[SourceDate "2020.10.23"]
[SourceVersion "1"]
[SourceVersionDate "2020.10.23"]
[SourceQuality "1"]

1. d4 d5 2. Nf3 e6 3. c4 Nf6 4. Bg5 Nbd7 5. Nc3 Be7 6. e3 0-0 7. Qc2 b6 8. cxd5 exd5 9. Be2 Bb7 10. 0-0 Ne4 11. Bf4 Ndf6 12. h3 c5 13. Rac1 Rc8 14. Rfd1 Bd6 15. Bg5 Nxg5 16. Nxg5 h6 17. Nf3 Qc7 18. Nb5 Qb8 19. Nxd6 Qxd6 20. dxc5 bxc5 21. Qb3 Qb6 22. Qxb6 axb6 23. b3 Rfd8 24. Kf1 Kf8 25. Ke1 Ke7 26. Nh4 g6 27. Nf3 Ne4 28. Bd3 Nd6 29. Rc3 b5 30. b4 c4 31. Bc2 Ra8 32. Ra1 Ke6 33. Nd4+ Ke7 34. f3 Kd7 35. Kf2 Bc6 36. a3 Nc8 37. g4 Nb6 38. h4 Na4 39. Bxa4 Rxa4 40. Rh1 h5 41. gxh5 gxh5 42. Rg1 f6 43. Rg7+ Kd6 44. Rf7 Be8 45. Rxf6+ Ke7 46. Rf5 Rd6 47. Rg5 Raa6 48. Nf5+ Ke6 49. Nxd6 Kxd6 50. e4 d4 51. Rd5+ Ke6 52. Rxd4 Ra7 53. f4 Rf7 54. Kf3 Bc6 55. Rd8 Re7 56. f5+ Ke5 57. Re3 Rf7 58. Ke2 Kf4 59. e5 Kxf5 60. e6 Re7 61. Rf8+ Kg6 62. Rg3+ Kh7 63. Rf7+ 1-0